Verbal and Non verbal reasoning llnd Ed. (Record no. 163732)

MARC details
000 -LEADER
fixed length control field 00595nam a2200193 4500
005 - DATE AND TIME OF LATEST TRANSACTION
control field 20190427121418.0
010 ## - LCCN (DPL NO)
LC control number B-182527
020 ## - INTERNATIONAL STANDARD BOOK NUMBER
International Standard Book Number 1403924740
035 ## - SYSTEM CONTROL NUMBER
System control number B-182527
037 ## - SOURCE OF ACQUISITION
Source of stock number/acquisition DBAD/PUB
082 ## - DEWEY DECIMAL CLASSIFICATION NUMBER
Classification number 000
100 ## - MAIN ENTRY--PERSONAL NAME
Personal name Prakash,R.
245 ## - TITLE STATEMENT
Title Verbal and Non verbal reasoning llnd Ed.
Statement of responsibility, etc R,Prakash
260 ## - PUBLICATION, DISTRIBUTION, ETC. (IMPRINT)
Place of publication, distribution, etc New Delhi
Name of publisher, distributor, etc Macmillan India Ltd.
Date of publication, distribution, etc 2004
270 ## - ADDRESS
Address 2/10 Ansari road,Daryaganj,
City New Delhi
Postal code 110002
300 ## - PHYSICAL DESCRIPTION
Extent vi,484p.
Dimensions 21cms(hbk)
942 ## - ADDED ENTRY ELEMENTS (KOHA)
Source of classification or shelving scheme Dewey Decimal Classification
Item type English Books
Classification part 000
Call number suffix PRA
Holdings
Withdrawn status Lost status Not for loan Collection code Home library Current library Date acquired Source of acquisition Full call number Barcode Copy number Koha item type
      Non-fiction Central Library Central Library 27/04/2019 DBAD/PUB 000 PRA B-182527 1 English Books

© Delhi Public Library
Hit Counter
free hit counter